Diseño de sistemas de información administrativa /
Guardado en:
| Autor Principal: | |
|---|---|
| Formato: | Libro |
| Idioma: | Spanish English |
| Publicado: |
Buenos Aires :
Librería "El Ateneo" Editorial,
c1977.
|
| Series: | Biblioteca de ciencias económicas. Dirección de empresas.
|
| Materias: | |
| Etiquetas: |
Agregar Etiqueta
Sin Etiquetas, Sea el primero en etiquetar este registro!
|
| LEADER | 00880nam a22002175 4500 | ||
|---|---|---|---|
| 001 | EAD.ead003139 | ||
| 008 | 080718s1977####ag#######a####000#0#spa#d | ||
| 005 | 20120404131915.0 | ||
| 245 | 1 | 0 | |a Diseño de sistemas de información administrativa / |c Don Q. Matthews. |
| 260 | |a Buenos Aires : |b Librería "El Ateneo" Editorial, |c c1977. | ||
| 300 | |a x, 214 p. ; |c 20 cm. | ||
| 490 | 1 | |a Biblioteca de ciencias económicas. Dirección de empresas | |
| 500 | |a Incluye resumen. | ||
| 500 | |a Traducción de: The design of the management information system. | ||
| 100 | 1 | |a Matthews, Don Q. | |
| 830 | 0 | |a Biblioteca de ciencias económicas. |p Dirección de empresas. | |
| 082 | 0 | 4 | |a 658.4038011 |2 21 |
| 650 | 7 | |a Sistemas de información administrativa. |2 unbist | |
| 650 | 7 | |a Análisis de sistemas. |2 unbist | |
| 041 | 1 | |a spa |h eng | |
| 859 | |a AR-BaBDC |b BIB. ADMINISTRACION - Libros |h 658.4038011 |i M432 |p b00787 | ||
